Plant biotechnology Ed 2 (Record no. 122833)

MARC details
000 -LEADER
fixed length control field 00525nam a2200229Ia 4500
008 - FIXED-LENGTH DATA ELEMENTS--GENERAL INFORMATION
fixed length control field 210210b2017 xxu||||| |||| 00| 0 eng d
020 ## - INTERNATIONAL STANDARD BOOK NUMBER
International Standard Book Number 9789385998454
041 ## - LANGUAGE CODE
Language code of text/sound track or separate title eng
082 ## - DEWEY DECIMAL CLASSIFICATION NUMBER
Classification number 581.0724 FASP
100 ## - MAIN ENTRY--PERSONAL NAME
Personal name FASELLA (Paolo)
245 ## - TITLE STATEMENT
Title Plant biotechnology Ed 2
250 ## - EDITION STATEMENT
Edition statement
260 ## - PUBLICATION, DISTRIBUTION, ETC.
Place of publication, distribution, etc. New Delhi
Name of publisher, distributor, etc. Medtech
Date of publication, distribution, etc. 2017
300 ## - PHYSICAL DESCRIPTION
Extent xxiv,503
650 ## - SUBJECT ADDED ENTRY--TOPICAL TERM
Topical term or geographic name entry element Plant
650 ## - SUBJECT ADDED ENTRY--TOPICAL TERM
Topical term or geographic name entry element Ed
650 ## - SUBJECT ADDED ENTRY--TOPICAL TERM
Topical term or geographic name entry element biotechnology
650 ## - SUBJECT ADDED ENTRY--TOPICAL TERM
Topical term or geographic name entry element 2
690 ## - LOCAL SUBJECT ADDED ENTRY--TOPICAL TERM (OCLC, RLIN)
Topical term or geographic name as entry element Plant Biotechnology
700 ## - ADDED ENTRY--PERSONAL NAME
Personal name HUSSAIN (Anwar)
906 ## - LOCAL DATA ELEMENT F, LDF (RLIN)
a 073053
Holdings
Withdrawn status Lost status Source of classification or shelving scheme Damaged status Not for loan Collection code Home library Current library Date acquired Source of acquisition Cost, normal purchase price Total Checkouts Full call number Barcode Date last seen Price effective from Koha item type
    Dewey Decimal Classification     Bio Technology St Aloysius Library St Aloysius Library 02/17/2021 Intact Bookhouse Pvt. Ltd, Bangalore-560050 1495.00   581.0724 FASP 073053 02/17/2021 02/17/2021 Book